ბათუმის შოთა რუსთაველის სახელმწიფო უნივერსიტეტის ბიბლიოთეკა

ძიებანი : (ბიბ.ჩანაწერი № 61551)

000 -LEADER
fixed length control field 01067nam a22001817a 4500
005 - DATE AND TIME OF LATEST TRANSACTION
control field 20240325101904.0
008 - FIXED-LENGTH DATA ELEMENTS--GENERAL INFORMATION
fixed length control field 240325s1998 ge ||||| |||| 00| 0 geo d
041 ## - LANGUAGE CODE
Language code of text/sound track or separate title geo
245 ## - TITLE STATEMENT
Title ძიებანი :
Statement of responsibility, etc. რედ. ო. ლორთქიფანიძე; საქართველოს მეცნიერებათა აკადემიის არქეოლოგიური კვლევის ცენტრი.
260 ## - PUBLICATION, DISTRIBUTION, ETC.
Place of publication, distribution, etc. თბილისი,
Date of publication, distribution, etc. 1998-
300 ## - PHYSICAL DESCRIPTION
Extent V.
521 ## - TARGET AUDIENCE NOTE
Target audience note პარალ სათ. რუს. და ინგლ.
653 ## - INDEX TERM--UNCONTROLLED
Uncontrolled term ძიებანი საქართველოს არქეოლოგიაში
653 ## - INDEX TERM--UNCONTROLLED
Uncontrolled term პერიოდიკა
700 ## - ADDED ENTRY--PERSONAL NAME
Personal name ლორთქიფანიძე, ო.
Relator term რედაქტორი
9 (RLIN) 17578
710 ## - ADDED ENTRY--CORPORATE NAME
Corporate name or jurisdiction name as entry element საქართველოს მეცნიერებათა აკადემიის არქეოლოგიური კვლევის ცენტრის ჟურნალი
9 (RLIN) 21556
942 ## - ADDED ENTRY ELEMENTS (KOHA)
Source of classification or shelving scheme
Koha item type პერიოდიკა
ეგზემპლარები
Withdrawn status Lost status Source of classification or shelving scheme Damaged status Not for loan Permanent Location Current Location Date acquired Serial Enumeration / chronology Barcode Date last seen Copy number Uniform Resource Identifier Price effective from Koha item type
          ბათუმის შოთა რუსთაველის სახელმწიფო უნივერსიტეტის მთავარი ბიბლიოთეკა ბათუმის შოთა რუსთაველის სახელმწიფო უნივერსიტეტის მთავარი ბიბლიოთეკა 2024-03-25 # 1 (1998) 81143 2024-03-25 81143 ბსუ-ს საპატიო დოქტორის გურამ ლორთქიფანიძის საჩუქარი 2024-03-25 პერიოდიკა
          ბათუმის შოთა რუსთაველის სახელმწიფო უნივერსიტეტის მთავარი ბიბლიოთეკა ბათუმის შოთა რუსთაველის სახელმწიფო უნივერსიტეტის მთავარი ბიბლიოთეკა 2024-03-25 # 2 (1998) 81144 2024-03-25 81144 ბსუ-ს საპატიო დოქტორის გურამ ლორთქიფანიძის საჩუქარი 2024-03-25 პერიოდიკა
          ბათუმის შოთა რუსთაველის სახელმწიფო უნივერსიტეტის მთავარი ბიბლიოთეკა ბათუმის შოთა რუსთაველის სახელმწიფო უნივერსიტეტის მთავარი ბიბლიოთეკა 2024-03-25 # 2 (1998) 81145 2024-03-25 81145 ბსუ-ს საპატიო დოქტორის გურამ ლორთქიფანიძის საჩუქარი 2024-03-25 პერიოდიკა